| 000 | 00533nam a22001577a 4500 | ||
|---|---|---|---|
| 082 |
_a621.12 _bALI |
||
| 100 |
_aAli Raza (362370) _9126307 |
||
| 245 | _aThermo-kinetic Investigation of Polyethylene Terephthalate (PET) Plastic Waste Catalytic Pyrolysis over Biomass Fly Ash (BFA) / | ||
| 264 |
_aIslamabad : _bUSPCAS-E, NUST _cSeptember, 2024. |
||
| 300 |
_aviii, 88 p. _e+CD |
||
| 520 | _aTH-594 | ||
| 650 |
_aMS TEE Thesis _9116575 |
||
| 650 |
_aMS Thesis _918721 |
||
| 700 |
_a Dr. Asif Hussain Khoja _9117190 |
||
| 942 |
_2ddc _cTHE |
||
| 999 |
_c612006 _d612006 |
||